Capitales de Provincia Españolas por % de población extranjera - Estadísticas

Estadísticas generales
  • Esta prueba ha sido intentada 51 veces
  • La puntuación promedio es 32 de 52
Estadísticas de respuestas
% Población Extranjera Ciudad % Correcto
21,11% Barcelona
98%
13,73% Madrid
91%
13,84% Valencia
89%
6,27% Sevilla
84%
8,84% Málaga
82%
12,65% Murcia
82%
14,13% Alicante
77%
2,52% Córdoba
77%
17,53% Tarragona
73%
9,89% Teruel
73%
10,79% Almería
70%
3,48% Badajoz
70%
2,91% Cáceres
70%
2,22% Cádiz
70%
19,85% Gerona
70%
2,85% Jaén
70%
11,36% Zaragoza
70%
4,90% Huelva
68%
9,14% Toledo
68%
5,67% Valladolid
68%
10,85% Huesca
66%
20,12% Lérida
66%
6,60% Salamanca
66%
15,96% Castellón de la Plana
64%
13,69% Guadalajara
64%
6,13% Lugo
64%
10,30% Soria
64%
9,88% Bilbao
61%
5,48% Ciudad Real
61%
8,64% Cuenca
61%
7,78% Granada
61%
5,60% Albacete
57%
7,38% Ávila
57%
7,65% Burgos
57%
4,27% Pontevedra
57%
3,59% Zamora
57%
8,60% Donostia / San Sebastián
55%
6,27% La Coruña
55%
6,42% Oviedo
55%
12,11% Segovia
55%
7,63% Las Palmas de Gran Canaria
48%
6,28% León
48%
6,21% Orense
45%
4,83% Palencia
45%
8,87% Santander
45%
11,44% Logroño
43%
16% Palma de Mallorca
43%
11,10% Pamplona/Iruña
41%
10,55% Vitoria-Gasteiz
39%
6,85% Santa Cruz de Tenerife
36%
5,91% Ceuta
30%
13,65% Melilla
30%
No se encontraron pruebas coincidentes
Distribución de puntuación
Porcentaje de gente con cada puntuación
Porcentaje por número respondido
Historial de tus puntuaciones
No has intentado esta prueba.